000 00400nam a2200169Ia 4500
008 230524s9999 xx 000 0 und d
020 _a0195677293
082 _a537.32
_bNEA
100 _aS.S.Islam
245 0 _aSemiconductor Physics and Devices
250 _a3RD
260 _aNEW DELHI
_bOxford
_c2008
300 _aX;676
500 _aQuantity Number: 5
650 _aPhysics
942 _cBK
999 _c42983
_d42983